The Presbyterian.

Saved in:
Bibliographic Details
New Title:Herald and Presbyter
Presbyterian and herald and presbyter
Previous Title:Presbyterian examiner (Allegheny Mountain ed.)
Presbyterian examiner (Atlantic ed.)
Great Lakes Presbyterian
Rocky Mountain Presbyterian
Pacific Presbyterian
Format: Journal
Language:English
Published: Philadelphia : Russell & Martien, [1831-1925]
Series:Harvard College Library newspaper preservation microfilm program ; 01182.
Subjects:
Tags: Add Tag
No Tags, Be the first to tag this record!
LEADER 01923cas a2200445 a 4500
001 000145357-2
005 20040616151158.0
008 780824d18311925pauwr1p 0 a0eng d
010 |a sf 83009078  
022 0 |a 1075-6396 
035 0 |a ocm04163914 
040 |a MUL  |c MUL  |d BTI  |d NSD  |d BTI  |d DLC  |d OCL  |d DLC  |d NSD  |d ATL  |d OCLCQ 
042 |a lc  |a nsdp 
050 0 0 |a BX8901  |b .P4 
082 1 0 |a 285  |2 12 
130 0 |a Presbyterian (Philadelphia, Pa. : 1831) 
210 0 |a Presbyterian  |b (Philadel. Pa.) 
222 0 |a Presbyterian  |b (Philadelphia, Pa.) 
245 0 4 |a The Presbyterian. 
260 |a Philadelphia :  |b Russell & Martien,  |c [1831-1925] 
300 |a 95 v. :  |b ill. ;  |c 28-67 cm. 
310 |a Weekly 
362 0 |a Vol. 1, no. 1 (Feb. 16, 1831)-v. 95, no. 24 (June 11, 1925). 
500 |a Title from caption. 
515 |a Vol. 2, no. 1-v. 44, no. 9 also called whole no. 53-whole no. 2269. 
525 |a Some issues accompanied by supplements. 
580 |a Merged with: Herald and presbyter, to form: Presbyterian and herald and presbyter. 
530 |a Issued also on microfilm by American Theological Library Association. 
650 0 |a Presbyterian Church  |v Periodicals. 
780 0 5 |t Presbyterian examiner (Allegheny Mountain ed.)  |g Oct. 7, 1914  |w (OCoLC)8617058 
780 0 5 |t Presbyterian examiner (Atlantic ed.)  |g Oct. 7, 1914  |w (OCoLC)7125973 
780 0 5 |t Great Lakes Presbyterian  |g Oct. 7, 1914 
780 0 5 |t Rocky Mountain Presbyterian  |g Oct. 7, 1914 
780 0 5 |t Pacific Presbyterian  |g Oct. 7, 1914 
785 1 7 |t Herald and Presbyter  |x 0276-8372  |w (DLC)ca 20000456  |w (OCoLC)4574298 
785 1 7 |t Presbyterian and herald and presbyter  |w (OCoLC)10200728  |w (DLC)sf 83009077 
776 1 |c Microfilm  |d American Theological Library Association  |w (DLC)sn 98016210  |w (OCoLC)8624834 
830 0 |a Harvard College Library newspaper preservation microfilm program ;  |v 01182.  |5 mmf 
988 |a 20040220 
906 |0 OCLC